[Event "Winnipeg CC ch"]
[Site "Winnipeg CAN"]
[Date "1998.12.08"]
[Round "6"]
[White "Khedkar, Jay"]
[Black "Sadov, Sergey"]
[Result "0-1"]
[WhiteElo "1913"]
[BlackElo "2046"]
[PlyCount "111"]
[GameId "2160767911806144"]
[EventDate "1998.11.03"]
[EventType "swiss"]
[EventRounds "6"]
[EventCountry "CAN"]

1. e4 c5 2. Nf3 d6 3. d4 cxd4 4. Nxd4 Nf6 5. Nc3 g6 6. Be3 Bg7 7. f3 O-O 8. Bc4 Nc6 9. Qd2 Bd7 10. O-O-O Rc8 11. Bb3 Ne5 12. h4 Nc4 13. Bxc4 Rxc4 14. Kb1 h5 15. Bg5 Nxe4 16. Nxe4 Rxd4 17. Qe3 Qb6 18. Rxd4 Bxd4 19. Qb3 Qxb3 20. axb3 f6 21. Bh6 Rc8 22. Rd1 Bb6 23. Nc3 Kf7 24. Nd5 Bf2 25. Be3 Bxe3 26. Nxe3 Bc6 27. Rd4 b5 28. Nd5 Bxd5 29. Rxd5 Rc5 30. Rd4 Re5 31. Kc1 Re1+ 32. Kd2 Rg1 33. g4 hxg4 34. fxg4 Rh1 35. g5 f5 36. b4 Rh3 37. c4 bxc4 38. Rxc4 d5 39. Rc5 Rxh4 40. b5 Rd4+ 41. Ke3 Rb4 42. Rxd5 Rb3+ 43. Kd4 Rxb2 44. Kc5 Rc2+ 45. Kb4 Rc7 46. Re5 e6 47. Ka5 Ke7 48. Re1 Rc4 49. Rh1 Kd6 50. Rh6 f4 51. Rxg6 Rc5 52. Rg8 Ke7 53. g6 Rf5 54. Rg7+ Kf8 55. Rc7 f3 56. Rc1 0-1

[Event "Winnipeg CC ch"]
[Site "Winnipeg CAN"]
[Date "1998.12.08"]
[Round "6"]
[White "Thomlison, Gary"]
[Black "Greenberg, Harley"]
[Result "1-0"]
[WhiteElo "1893"]
[BlackElo "1745"]
[PlyCount "83"]
[GameId "2160767911806145"]
[EventDate "1998.11.03"]
[EventType "swiss"]
[EventRounds "6"]
[EventCountry "CAN"]

1. c4 Nf6 2. g3 g6 3. Nc3 c5 4. Bg2 Bg7 5. e3 O-O 6. Nge2 d6 7. O-O Nc6 8. a3 Be6 9. d3 Rb8 10. Rb1 Nh5 11. b4 Qd7 12. Ne4 cxb4 13. axb4 Bh3 14. Bxh3 Qxh3 15. Ng5 Qg4 16. f4 e5 17. h3 Qd7 18. b5 Ne7 19. Kh2 h6 20. Nf3 exf4 21. exf4 a5 22. d4 b6 23. Qd3 Rbc8 24. g4 Nf6 25. Rg1 Qc7 26. Ba3 Qxc4 27. Qxc4 Rxc4 28. Bxd6 Rc2 29. Rg2 Re8 30. Rc1 Rxc1 31. Nxc1 Ned5 32. Rc2 Bf8 33. Bxf8 Kxf8 34. Nd3 Re4 35. Rc8+ Ke7 36. Nfe5 Nd7 37. Nc6+ Kd6 38. Nde5 Nxe5 39. fxe5+ Ke6 40. Re8+ Kd7 41. Rd8+ Ke6 42. Rd6# 1-0

[Event "Winnipeg TNT April op"]
[Site "Winnipeg CAN"]
[Date "1998.04.07"]
[Round "1"]
[White "Boron, Anthony"]
[Black "Gibbons, Michael"]
[Result "0-1"]
[WhiteElo "1893"]
[BlackElo "2038"]
[PlyCount "138"]
[GameId "2160767911873609"]
[EventDate "1998.04.07"]
[EventType "swiss"]
[EventRounds "4"]
[EventCountry "CAN"]

1. b3 d5 2. Bb2 c5 3. e3 e6 4. Nf3 Bd7 5. Be2 Nc6 6. O-O Nf6 7. d4 Rc8 8. c4 Qb6 9. Nbd2 Be7 10. Ne5 cxd4 11. Nxc6 Bxc6 12. Bxd4 Bc5 13. Bxc5 Qxc5 14. Bf3 O-O 15. Rc1 Qa5 16. Rc2 Rfd8 17. Qb1 d4 18. exd4 Rxd4 19. Bxc6 Rxc6 20. Nf3 Rd3 21. b4 Qc7 22. Rd1 Rcd6 23. Rxd3 Rxd3 24. Rd2 Rc3 25. Qd1 h6 26. Rd8+ Kh7 27. Qb1+ g6 28. Rd4 Rxc4 29. Rxc4 Qxc4 30. h3 Nd5 31. a3 Qc3 32. Qa2 Nf4 33. Kh2 Nd3 34. b5 Qc5 35. a4 Nxf2 36. Qd2 Qc7+ 37. Kg1 Ne4 38. Qd3 Qc5+ 39. Nd4 Qc1+ 40. Kh2 Qf4+ 41. Kg1 Ng3 42. Nxe6 fxe6 43. Qd7+ Kh8 44. Qd8+ Kg7 45. Qd7+ Qf7 46. Qd4+ Kh7 47. Qxa7 Ne2+ 48. Kh1 Qf1+ 49. Kh2 Qf4+ 50. Kh1 Ng3+ 51. Kg1 Qc1+ 52. Kf2 Ne4+ 53. Kf3 Nd6 54. Qb6 Qd1+ 55. Kg3 Qe1+ 56. Kh2 Qe5+ 57. Kg1 h5 58. Qc7+ Kh6 59. Qb8 h4 60. Qf8+ Kh5 61. Qf3+ Kh6 62. Qf8+ Kg5 63. Qe7+ Kf5 64. Qxh4 Qe3+ 65. Kh2 Qf4+ 66. Qxf4+ Kxf4 67. g3+ Kf3 68. h4 e5 69. Kh3 e4 0-1

[Event "Winnipeg TNT April op"]
[Site "Winnipeg CAN"]
[Date "1998.04.07"]
[Round "1"]
[White "Ford, Stephen"]
[Black "Schulz, Manfred"]
[Result "0-1"]
[WhiteElo "1578"]
[BlackElo "1981"]
[PlyCount "60"]
[GameId "2160767911873610"]
[EventDate "1998.04.07"]
[EventType "swiss"]
[EventRounds "4"]
[EventCountry "CAN"]

1. e4 c6 2. d4 d5 3. Nd2 dxe4 4. Nxe4 Nf6 5. Ng3 h5 6. Nf3 h4 7. Ne2 Bg4 8. Ng5 e6 9. c3 Bd6 10. Qb3 Qc7 11. h3 Bf5 12. c4 Na6 13. c5 Bxc5 14. dxc5 Nxc5 15. Qe3 Nd3+ 16. Kd1 Rd8 17. Nd4 Nd5 18. Qf3 Ne5 19. Qb3 Nf6 20. Be3 c5 21. Rc1 O-O 22. Qb5 b6 23. Ke1 Ng6 24. Nxf5 exf5 25. Bc4 f4 26. Bd2 Qe5+ 27. Kd1 Qxg5 28. Rg1 Ne4 29. Rc2 f3 30. Bd3 Rxd3 0-1

[Event "Winnipeg TNT April op"]
[Site "Winnipeg CAN"]
[Date "1998.04.07"]
[Round "1"]
[White "Hassain, Mahmud"]
[Black "Trueman, Francis"]
[Result "1-0"]
[WhiteElo "1893"]
[BlackElo "1498"]
[PlyCount "75"]
[GameId "2160767911873611"]
[EventDate "1998.04.07"]
[EventType "swiss"]
[EventRounds "4"]
[EventCountry "CAN"]

1. e4 c6 2. d4 d5 3. Nd2 dxe4 4. Nxe4 Nd7 5. Bc4 Ngf6 6. Ng5 e6 7. Qe2 Qe7 8. N1f3 Nb6 9. Bb3 h6 10. Nh3 Nbd5 11. c4 Nc7 12. Ne5 Nd7 13. O-O Nxe5 14. dxe5 Bd7 15. Be3 g5 16. f4 Rg8 17. fxg5 hxg5 18. Qh5 Bg7 19. Nxg5 O-O-O 20. Nxf7 Be8 21. Bxa7 Rf8 22. Nd6+ Rxd6 23. exd6 Qxd6 24. Rxf8 Qxf8 25. Qe2 c5 26. Bb6 Bd4+ 27. Kh1 Qg8 28. Re1 Bc6 29. Bxc7 Kxc7 30. Bc2 Bxb2 31. Be4 Bc3 32. Rb1 Be5 33. Bxc6 Bxh2 34. Rxb7+ Kxc6 35. Qf3+ Kd6 36. Kxh2 Qh8+ 37. Qh3 Qe5+ 38. Qg3 1-0

[Event "Winnipeg TNT April op"]
[Site "Winnipeg CAN"]
[Date "1998.04.07"]
[Round "1"]
[White "Schulz, Waldemar"]
[Black "Zinderine, Geoff"]
[Result "1-0"]
[WhiteElo "1992"]
[BlackElo "1732"]
[PlyCount "107"]
[GameId "2160767911873612"]
[EventDate "1998.04.07"]
[EventType "swiss"]
[EventRounds "4"]
[EventCountry "CAN"]

1. d4 e6 2. c4 d5 3. Nf3 c6 4. Nc3 dxc4 5. a4 Bb4 6. Bd2 b5 7. axb5 Bxc3 8. Bxc3 cxb5 9. e3 Bb7 10. b3 a5 11. bxc4 b4 12. Bb2 Nf6 13. Be2 O-O 14. O-O Qc7 15. Qb3 Nbd7 16. Nd2 Rfe8 17. Bf3 Bxf3 18. Nxf3 Reb8 19. Rfb1 a4 20. Rxa4 Rxa4 21. Qxa4 Qxc4 22. Rc1 Qe2 23. Qc2 Qb5 24. Nd2 h6 25. Nb3 Nd5 26. Qc6 Qxc6 27. Rxc6 N7f6 28. Kf1 Rb7 29. Rc8+ Kh7 30. Ke2 Rc7 31. Rxc7 Nxc7 32. f3 Nfd5 33. Kd3 Nb5 34. Bc1 Kg6 35. e4 Nb6 36. Bd2 Nc3 37. Bxc3 bxc3 38. Kxc3 f5 39. Kd3 Kf6 40. Nd2 g5 41. Nc4 Nd7 42. Ne3 Nb6 43. d5 f4 44. Ng4+ Kg7 45. dxe6 h5 46. e7 Kf7 47. Nf6 Kxe7 48. Nd5+ Nxd5 49. exd5 g4 50. fxg4 hxg4 51. Ke4 f3 52. gxf3 gxf3 53. Kxf3 Kd6 54. Ke4 1-0

[Event "Winnipeg TNT April op"]
[Site "Winnipeg CAN"]
[Date "1998.04.14"]
[Round "2"]
[White "Ford, Stephen"]
[Black "Boron, Anthony"]
[Result "1-0"]
[WhiteElo "1579"]
[BlackElo "1918"]
[PlyCount "62"]
[GameId "2160767911873613"]
[EventDate "1998.04.07"]
[EventType "swiss"]
[EventRounds "4"]
[EventCountry "CAN"]

1. e4 e6 2. d4 d5 3. exd5 exd5 4. Bd3 Bd6 5. Nf3 Ne7 6. Bg5 h6 7. Bh4 c6 8. Nbd2 Be6 9. Qe2 Nd7 10. Bg6 Nf8 11. Bd3 Qc7 12. Bg3 Bg4 13. O-O-O O-O-O 14. Bxd6 Qxd6 15. Rde1 Ne6 16. Qe3 Nf5 17. Bxf5 Bxf5 18. Ne5 Rhf8 19. g4 Be4 20. f3 f6 21. Nxc6 bxc6 22. fxe4 dxe4 23. c3 Qd5 24. Qxe4 Nc7 25. Qxd5 Nxd5 26. Re4 Rf7 27. Rhe1 Rfd7 28. Nb3 Nb6 29. Nc5 Rd6 30. Re7 Nd5 31. Rxa7 Kb8 1-0

[Event "Winnipeg TNT April op"]
[Site "Winnipeg CAN"]
[Date "1998.04.14"]
[Round "2"]
[White "Gibbons, Michael"]
[Black "Schulz, Manfred"]
[Result "1-0"]
[WhiteElo "2038"]
[BlackElo "1981"]
[PlyCount "71"]
[GameId "2160767911873614"]
[EventDate "1998.04.07"]
[EventType "swiss"]
[EventRounds "4"]
[EventCountry "CAN"]

1. Nf3 d5 2. b3 Nf6 3. Bb2 Bf5 4. e3 e6 5. Be2 h6 6. d3 Be7 7. Nbd2 O-O 8. O-O c5 9. Ne5 Nbd7 10. f4 Qc7 11. g4 Bh7 12. Ndf3 Nxe5 13. Nxe5 Nd7 14. Qe1 Nxe5 15. fxe5 Rad8 16. Qg3 f6 17. Kh1 d4 18. exf6 Qxg3 19. hxg3 Rxf6 20. e4 Rdf8 21. Rxf6 Rxf6 22. Kg2 Bd6 23. Rh1 Kf8 24. b4 e5 25. g5 Rg6 26. Rf1+ Ke7 27. Bc1 Bc7 28. Bh5 Ra6 29. Rf7+ Kd6 30. bxc5+ Kc6 31. Rxg7 Rxa2 32. Be8+ Kxc5 33. Rxc7+ Kb6 34. Rxh7 Rxc2+ 35. Kh3 Rxc1 36. g6 1-0

[Event "Winnipeg TNT April op"]
[Site "Winnipeg CAN"]
[Date "1998.04.14"]
[Round "2"]
[White "Hassain, Mahmud"]
[Black "Schulz, Waldemar"]
[Result "1-0"]
[WhiteElo "1992"]
[BlackElo "1949"]
[PlyCount "81"]
[GameId "2160767911873615"]
[EventDate "1998.04.07"]
[EventType "swiss"]
[EventRounds "4"]
[EventCountry "CAN"]

1. e4 c5 2. Nf3 e6 3. d4 cxd4 4. Nxd4 Nf6 5. Nc3 d6 6. f3 Be7 7. Be3 Nc6 8. Qd2 a6 9. g4 Qc7 10. Nde2 Ne5 11. Nd4 Nfd7 12. O-O-O Nb6 13. b3 Bd7 14. Rg1 Rc8 15. Nb1 Nc6 16. Qf2 Na8 17. Kb2 Nxd4 18. Bxd4 e5 19. Be3 b5 20. g5 Qc6 21. c4 b4 22. h4 Nc7 23. Bd3 Ne6 24. f4 Nc5 25. Qf3 Nxd3+ 26. Rxd3 a5 27. Rgd1 Rd8 28. f5 Bc8 29. Rd5 Bb7 30. f6 Bf8 31. c5 Rc8 32. Nd2 Qc7 33. fxg7 Bxg7 34. Rxd6 Bf8 35. Nc4 Be7 36. Qf5 Bc6 37. Qxe5 Rg8 38. Rd8+ Qxd8 39. Rxd8+ Rxd8 40. Nd6+ Kf8 41. g6 1-0

[Event "Winnipeg TNT April op"]
[Site "Winnipeg CAN"]
[Date "1998.04.14"]
[Round "2"]
[White "Zinderine, Geoff"]
[Black "Trueman, Francis"]
[Result "1-0"]
[WhiteElo "1732"]
[BlackElo "1498"]
[PlyCount "63"]
[GameId "2160767911873616"]
[EventDate "1998.04.07"]
[EventType "swiss"]
[EventRounds "4"]
[EventCountry "CAN"]

1. e4 c6 2. d4 d5 3. Nc3 dxe4 4. Nxe4 Nd7 5. Bc4 Ngf6 6. Ng5 e6 7. Qe2 Qe7 8. Bd2 Nb6 9. Bb3 Bd7 10. N5f3 O-O-O 11. Ne5 g6 12. Ngf3 h6 13. c4 Bg7 14. O-O g5 15. Ne1 Be8 16. Bc3 Nfd7 17. N1d3 Nxe5 18. Nxe5 f6 19. Nd3 Nd7 20. d5 Nc5 21. Nxc5 Qxc5 22. Qxe6+ Kb8 23. dxc6 Bxc6 24. Rad1 Kc7 25. Qf7+ Kb6 26. Rxd8 Rxd8 27. Qxg7 Rd7 28. Qxf6 Rd6 29. Qe5 Qxe5 30. Bxe5 Re6 31. c5+ Kxc5 32. Bxe6 1-0

[Event "Winnipeg TNT April op"]
[Site "Winnipeg CAN"]
[Date "1998.04.21"]
[Round "3"]
[White "Gibbons, Michael"]
[Black "Hassain, Mahmud"]
[Result "1/2-1/2"]
[WhiteElo "2038"]
[BlackElo "1949"]
[PlyCount "78"]
[GameId "2160767911873617"]
[EventDate "1998.04.07"]
[EventType "swiss"]
[EventRounds "4"]
[EventCountry "CAN"]

1. Nf3 d6 2. d4 g6 3. Nc3 Bg7 4. e4 Nd7 5. Be3 c6 6. a4 Ngf6 7. h3 e5 8. dxe5 dxe5 9. Bc4 O-O 10. O-O Qe7 11. Qe2 Nc5 12. Ng5 Ne6 13. Nxe6 Bxe6 14. Rfd1 Nh5 15. Bxe6 Qxe6 16. Rd2 Nf4 17. Qg4 f5 18. exf5 gxf5 19. Qg5 h6 20. Qg3 Nh5 21. Qh4 Qg6 22. Rd7 f4 23. Bc5 Rf5 24. Ne4 Nf6 25. Rd6 b6 26. Bb4 c5 27. Bc3 Re8 28. Rxf6 Bxf6 29. Qg4 Rg5 30. Nxg5 hxg5 31. h4 Kg7 32. hxg5 Qxg5 33. Qxg5+ Bxg5 34. Rd1 Re7 35. Rd6 Kf7 36. a5 e4 37. axb6 axb6 38. Rd5 Kg6 39. Kf1 Re6 1/2-1/2

[Event "Winnipeg TNT April op"]
[Site "Winnipeg CAN"]
[Date "1998.04.21"]
[Round "3"]
[White "Schulz, Waldemar"]
[Black "Ford, Stephen"]
[Result "1-0"]
[WhiteElo "1992"]
[BlackElo "1579"]
[PlyCount "77"]
[GameId "2160767911873618"]
[EventDate "1998.04.07"]
[EventType "swiss"]
[EventRounds "4"]
[EventCountry "CAN"]

1. d4 Nf6 2. c4 g6 3. Nc3 Bg7 4. e4 d6 5. f3 O-O 6. Be3 c6 7. Qd2 Qc7 8. Bd3 b6 9. Nge2 Rd8 10. O-O Nbd7 11. Rac1 Bb7 12. b4 e5 13. d5 a6 14. dxc6 Bxc6 15. Rc2 Rac8 16. Rfc1 Bb7 17. Bg5 Re8 18. Kh1 Nf8 19. a3 Ne6 20. Bxf6 Bxf6 21. Nd5 Qd8 22. Nxf6+ Qxf6 23. Qe3 Qd8 24. Rc3 Re7 25. Bc2 b5 26. Bb3 Ng7 27. Ng1 Rec7 28. Qb6 Qd7 29. Ne2 Ne8 30. Qe3 Rc6 31. R1c2 Kg7 32. Qd3 R6c7 33. cxb5 Rxc3 34. Nxc3 axb5 35. Qxb5 Bc6 36. Qd3 Ra8 37. b5 Qb7 38. a4 Nc7 39. Rc1 1-0

[Event "Winnipeg TNT April op"]
[Site "Winnipeg CAN"]
[Date "1998.04.21"]
[Round "3"]
[White "Trueman, Francis"]
[Black "Boron, Anthony"]
[Result "0-1"]
[WhiteElo "1498"]
[BlackElo "1918"]
[PlyCount "54"]
[GameId "2160767911873619"]
[EventDate "1998.04.07"]
[EventType "swiss"]
[EventRounds "4"]
[EventCountry "CAN"]

1. Nf3 d5 2. d3 c6 3. Nbd2 Bg4 4. h3 Bh5 5. g3 Nd7 6. Bg2 e6 7. O-O Bd6 8. Re1 Ngf6 9. c3 a5 10. e4 dxe4 11. dxe4 Bxf3 12. Nxf3 Bc5 13. e5 Nd5 14. Bg5 Qb6 15. Qd2 h6 16. Bh4 g5 17. Nxg5 hxg5 18. Bxg5 Rg8 19. h4 Be7 20. Rad1 Bxg5 21. hxg5 O-O-O 22. c4 Ne7 23. Qf4 Ng6 24. Qxf7 Rgf8 25. Qxe6 Qxf2+ 26. Kh1 Rh8+ 27. Bh3 Qxg3 0-1

[Event "Winnipeg TNT April op"]
[Site "Winnipeg CAN"]
[Date "1998.04.28"]
[Round "4"]
[White "Boron, Anthony"]
[Black "Zinderine, Geoff"]
[Result "0-1"]
[WhiteElo "1918"]
[BlackElo "1732"]
[PlyCount "60"]
[GameId "2160767911873620"]
[EventDate "1998.04.07"]
[EventType "swiss"]
[EventRounds "4"]
[EventCountry "CAN"]

1. Nf3 d5 2. g3 Nf6 3. Bg2 c6 4. O-O g6 5. d3 Bg7 6. Nbd2 O-O 7. e4 Bg4 8. e5 Nfd7 9. Qe1 h6 10. h3 Bxf3 11. Nxf3 e6 12. h4 c5 13. c3 Nc6 14. Bf4 Qb6 15. Qe2 Rac8 16. Rfe1 Qa6 17. Qd2 Kh7 18. Bf1 Ne7 19. d4 Qb6 20. Bd3 cxd4 21. cxd4 Nb8 22. Kg2 Rh8 23. h5 Kg8 24. Rh1 g5 25. Bxg5 hxg5 26. Qxg5 Nf5 27. h6 Nxh6 28. Rac1 Nc6 29. Nh2 Qxd4 30. Bb5 Qxe5 0-1

[Event "Winnipeg TNT April op"]
[Site "Winnipeg CAN"]
[Date "1998.04.28"]
[Round "4"]
[White "Schulz, Waldemar"]
[Black "Gibbons, Michael"]
[Result "1-0"]
[WhiteElo "1992"]
[BlackElo "2038"]
[PlyCount "33"]
[GameId "2160767911873621"]
[EventDate "1998.04.07"]
[EventType "swiss"]
[EventRounds "4"]
[EventCountry "CAN"]

1. Nf3 e6 2. g3 b6 3. Bg2 Bb7 4. O-O f5 5. c4 Nf6 6. b3 Be7 7. Bb2 O-O 8. d3 d6 9. Nbd2 Qe8 10. e4 f4 11. Ng5 Bd8 12. gxf4 h6 13. Nh3 Nh5 14. Qg4 Nd7 15. Bf3 Ndf6 16. Qg2 Nh7 17. Bxh5 1-0

[Event "Winnipeg TNT Aug op"]
[Site "Winnipeg CAN"]
[Date "1998.08.04"]
[Round "1"]
[White "Boron, Anthony"]
[Black "Gibbons, Lorne"]
[Result "1-0"]
[WhiteElo "1858"]
[BlackElo "1377"]
[PlyCount "35"]
[GameId "2160767911806820"]
[EventDate "1998.08.04"]
[EventType "swiss"]
[EventRounds "4"]
[EventCountry "CAN"]

1. Nf3 d5 2. g3 Nc6 3. d4 Bf5 4. a3 g6 5. Bg2 Bg7 6. O-O e6 7. Nc3 h5 8. Bg5 f6 9. Bd2 Bh6 10. Nh4 Nge7 11. Bxh6 Rxh6 12. e3 g5 13. Nf3 h4 14. b4 a6 15. Re1 Qd6 16. e4 Bg4 17. Qd2 Rh5 18. e5 1-0

[Event "Winnipeg TNT Aug op"]
[Site "Winnipeg CAN"]
[Date "1998.08.04"]
[Round "1"]
[White "Czypinski, Jaroslaw"]
[Black "Bays, Derek"]
[Result "1-0"]
[WhiteElo "1983"]
[BlackElo "1496"]
[PlyCount "73"]
[GameId "2160767911806821"]
[EventDate "1998.08.04"]
[EventType "swiss"]
[EventRounds "4"]
[EventCountry "CAN"]

1. e4 c6 2. d4 d5 3. exd5 cxd5 4. Bd3 Nc6 5. c3 Nf6 6. Bf4 e6 7. Nf3 Bd6 8. Be5 Bxe5 9. dxe5 Nd7 10. Qe2 O-O 11. O-O f6 12. exf6 Qxf6 13. Bc2 Nde5 14. Nxe5 Qxe5 15. Qd3 Qf5 16. Qxf5 exf5 17. Bb3 Be6 18. Na3 Na5 19. Nb5 Nxb3 20. axb3 Rfc8 21. Rfe1 a6 22. Nd4 Bd7 23. Re7 Rd8 24. Rae1 Kf8 25. Kf1 Bb5+ 26. Nxb5 axb5 27. Rxb7 Rdb8 28. Rxb8+ Rxb8 29. Re5 Rd8 30. Rxf5+ Ke7 31. Rf4 Rf8 32. Rxf8 Kxf8 33. Ke2 Ke7 34. Kd3 Kd6 35. Kd4 Kc6 36. c4 dxc4 37. bxc4 1-0

[Event "Winnipeg TNT Aug op"]
[Site "Winnipeg CAN"]
[Date "1998.08.04"]
[Round "1"]
[White "Eldridge, Mark"]
[Black "Thomlison, Gary"]
[Result "0-1"]
[WhiteElo "1250"]
[BlackElo "1768"]
[PlyCount "48"]
[GameId "2160767911806822"]
[EventDate "1998.08.04"]
[EventType "swiss"]
[EventRounds "4"]
[EventCountry "CAN"]

1. e4 e5 2. Nf3 Nf6 3. Nc3 Bb4 4. Nxe5 d6 5. Nf3 O-O 6. a3 Bxc3 7. bxc3 Nxe4 8. d3 Nxc3 9. Qd2 Re8+ 10. Be2 Nxe2 11. Qxe2 Rxe2+ 12. Kxe2 Bg4 13. Re1 Nc6 14. Kf1 Bxf3 15. gxf3 Nd4 16. Re3 Qh4 17. Re4 Qh3+ 18. Ke1 Nxc2+ 19. Kd2 Nxa1 20. Bb2 Nb3+ 21. Kc3 Nc5 22. Rb4 Qxf3 23. Rd4 Qd1 24. Kc4 Qb3# 0-1

[Event "Winnipeg TNT Aug op"]
[Site "Winnipeg CAN"]
[Date "1998.08.04"]
[Round "1"]
[White "Gantzert, Rene"]
[Black "Nikouline, Alexandre"]
[Result "0-1"]
[WhiteElo "1655"]
[BlackElo "2060"]
[PlyCount "42"]
[GameId "2160767911806823"]
[EventDate "1998.08.04"]
[EventType "swiss"]
[EventRounds "4"]
[EventCountry "CAN"]

1. e4 c5 2. Nf3 Nc6 3. d4 cxd4 4. Nxd4 g6 5. Be3 Bg7 6. Nc3 Nf6 7. Qd2 O-O 8. f4 Ng4 9. Nxc6 bxc6 10. Bd4 Bxd4 11. Qxd4 e5 12. Qd2 Qb6 13. O-O-O Nf2 14. Na4 Qd4 15. Qxd4 exd4 16. Bc4 Nxh1 17. Rxh1 d6 18. Rd1 Bd7 19. c3 c5 20. Bb3 c4 21. Bc2 d3 0-1

[Event "Winnipeg TNT Aug op"]
[Site "Winnipeg CAN"]
[Date "1998.08.04"]
[Round "1"]
[White "Klokow, John"]
[Black "Clark, Airyn"]
[Result "1-0"]
[WhiteElo "1726"]
[BlackElo "1084"]
[PlyCount "49"]
[GameId "2160767911806824"]
[EventDate "1998.08.04"]
[EventType "swiss"]
[EventRounds "4"]
[EventCountry "CAN"]

1. e4 e5 2. Nf3 Nc6 3. d4 d6 4. Bb5 Bd7 5. O-O Nxd4 6. Nxd4 exd4 7. Bxd7+ Qxd7 8. Qxd4 Nf6 9. Nc3 g6 10. Qxf6 Rg8 11. Bd2 Bg7 12. Qf3 O-O-O 13. Nd5 Bxb2 14. Rab1 Be5 15. Bc3 Bxc3 16. Qxc3 b6 17. Nf6 Qe6 18. Nxg8 Rxg8 19. a4 Qxe4 20. a5 f5 21. Rfe1 Qb7 22. Re7 h5 23. a6 Qb8 24. Rbe1 Rd8 25. Qc6 1-0

[Event "Winnipeg TNT Aug op"]
[Site "Winnipeg CAN"]
[Date "1998.08.04"]
[Round "1"]
[White "Ott, Richard"]
[Black "Hassain, Mahmud"]
[Result "0-1"]
[WhiteElo "1555"]
[BlackElo "2003"]
[PlyCount "56"]
[GameId "2160767911806825"]
[EventDate "1998.08.04"]
[EventType "swiss"]
[EventRounds "4"]
[EventCountry "CAN"]

1. d4 Nf6 2. c4 g6 3. Nc3 Bg7 4. e4 d6 5. f3 c6 6. Be3 O-O 7. Nge2 Nbd7 8. Qb3 e5 9. O-O-O Qe7 10. Kb1 a6 11. dxe5 dxe5 12. Na4 b5 13. Nb6 Nxb6 14. Bxb6 Be6 15. Nc1 Nd7 16. Ba5 f6 17. Bb4 c5 18. Ba5 Rfc8 19. Qc3 b4 20. Qd2 Bf8 21. g4 Nb8 22. Nb3 Nc6 23. Bxb4 Nd4 24. Bxc5 Nxb3 25. Bxe7 Nxd2+ 26. Rxd2 Bxe7 27. h4 a5 28. b3 Bc5 0-1

[Event "Winnipeg TNT Aug op"]
[Site "Winnipeg CAN"]
[Date "1998.08.04"]
[Round "1"]
[White "Schulz, Waldemar"]
[Black "Weijs, Harry"]
[Result "1-0"]
[WhiteElo "2045"]
[BlackElo "1620"]
[PlyCount "87"]
[GameId "2160767911806826"]
[EventDate "1998.08.04"]
[EventType "swiss"]
[EventRounds "4"]
[EventCountry "CAN"]

1. Nf3 f5 2. b3 Nf6 3. g3 g6 4. Bb2 Bg7 5. Bg2 d6 6. d4 O-O 7. O-O c6 8. c4 Na6 9. Qc2 Nb4 10. Qd2 a5 11. Nc3 Qc7 12. a3 Na6 13. b4 axb4 14. axb4 Bd7 15. b5 Nb4 16. bxc6 Rxa1 17. Rxa1 bxc6 18. h4 c5 19. d5 e5 20. dxe6 Bxe6 21. Nb5 Ne4 22. Qxb4 cxb4 23. Nxc7 Bxc4 24. Bxg7 Kxg7 25. Nd4 Rf7 26. Ncb5 d5 27. Bxe4 fxe4 28. Rb1 b3 29. Nd6 Rf6 30. Nxc4 dxc4 31. Nxb3 cxb3 32. Rxb3 Re6 33. Re3 Kf6 34. f3 exf3 35. Rxe6+ Kxe6 36. exf3 h5 37. Kf2 Kf5 38. Ke3 g5 39. hxg5 Kxg5 40. Ke4 h4 41. f4+ Kg4 42. gxh4 Kxh4 43. Kf5 Kg3 44. Kg5 1-0

[Event "Winnipeg TNT Aug op"]
[Site "Winnipeg CAN"]
[Date "1998.08.04"]
[Round "1"]
[White "Trueman, Francis"]
[Black "Schulz, Manfred"]
[Result "0-1"]
[WhiteElo "1468"]
[BlackElo "1922"]
[PlyCount "72"]
[GameId "2160767911806827"]
[EventDate "1998.08.04"]
[EventType "swiss"]
[EventRounds "4"]
[EventCountry "CAN"]

1. Nf3 d5 2. d3 Nf6 3. Nbd2 Bg4 4. h3 Bh5 5. g3 e6 6. Bg2 c6 7. O-O Bd6 8. Re1 Qb6 9. a4 Bxg3 10. d4 Bd6 11. c4 Qc7 12. c5 Be7 13. b4 Nbd7 14. Qb3 O-O 15. e4 dxe4 16. Nxe4 b6 17. Bg5 bxc5 18. dxc5 Rab8 19. Rac1 h6 20. Bh4 Bg6 21. Bg3 Qb7 22. Nxf6+ Nxf6 23. Bxb8 Rxb8 24. Ne5 Nd5 25. Nxg6 fxg6 26. Rxe6 Kh7 27. Qc2 Nf4 28. Rxc6 Qxb4 29. Kh2 Qd4 30. Be4 Bf6 31. Rd6 Qe5 32. Kh1 Rb2 33. Qc4 Rxf2 34. Re1 Qh5 35. Re3 Qg5 36. Re1 Qg3 0-1

[Event "Winnipeg TNT Aug op"]
[Site "Winnipeg CAN"]
[Date "1998.08.11"]
[Round "2"]
[White "Boron, Anthony"]
[Black "Schulz, Waldemar"]
[Result "0-1"]
[WhiteElo "1858"]
[BlackElo "2046"]
[PlyCount "74"]
[GameId "2160767911806828"]
[EventDate "1998.08.04"]
[EventType "swiss"]
[EventRounds "4"]
[EventCountry "CAN"]

1. e4 c5 2. Nf3 e6 3. d3 Nc6 4. g3 g6 5. Bg2 Bg7 6. O-O Nge7 7. Re1 d6 8. c3 Rb8 9. Nbd2 O-O 10. Nf1 b5 11. Bg5 Re8 12. Qd2 b4 13. d4 bxc3 14. bxc3 Qa5 15. Bh6 cxd4 16. Bxg7 Kxg7 17. Nxd4 Ne5 18. Ne3 Ba6 19. Red1 Rb6 20. Nb3 Qa4 21. h4 h5 22. f4 Nc4 23. Qd4+ e5 24. fxe5 dxe5 25. Qc5 Nxe3 26. Qxe3 Qc6 27. Bh3 Bc8 28. Bxc8 Rxc8 29. Rd3 Ng8 30. Re1 Ra6 31. Qg5 Qe6 32. Qd2 Nf6 33. Nc1 Rac6 34. Kg2 Rc4 35. Rd6 Qe7 36. Rxf6 Qxf6 37. Rf1 Qc6 0-1

[Event "Winnipeg TNT Aug op"]
[Site "Winnipeg CAN"]
[Date "1998.08.11"]
[Round "2"]
[White "Hassain, Mahmud"]
[Black "Thomlison, Gary"]
[Result "0-1"]
[WhiteElo "2003"]
[BlackElo "1768"]
[PlyCount "96"]
[GameId "2160767911806829"]
[EventDate "1998.08.04"]
[EventType "swiss"]
[EventRounds "4"]
[EventCountry "CAN"]

1. e4 d6 2. d4 g6 3. c4 Bg7 4. Nc3 Nf6 5. Nf3 O-O 6. h3 Nbd7 7. Be2 e5 8. d5 Ne8 9. g4 c6 10. Be3 cxd5 11. cxd5 b6 12. h4 h6 13. Qd2 Kh7 14. g5 h5 15. O-O-O a5 16. Kb1 Ba6 17. Nh2 Bxe2 18. Qxe2 Nc5 19. Nf1 Rh8 20. Ng3 Kg8 21. Rhg1 Qd7 22. f3 Nc7 23. Rc1 Bf8 24. f4 exf4 25. Bxf4 Bg7 26. Qf3 a4 27. e5 dxe5 28. d6 Qxd6 29. Rgd1 Qe6 30. Be3 Rb8 31. Bxc5 bxc5 32. Nce4 Qb6 33. Rc2 Ne6 34. Rd7 Nf4 35. Nxc5 Qb4 36. Nd3 Qb5 37. Rcc7 Kh7 38. Rxf7 Rhg8 39. Rxf4 exf4 40. Nxh5 Qf5 41. Rc2 Rgc8 42. Nxg7 Kxg7 43. Rd2 Rc4 44. h5 a3 45. hxg6 Qxg6 46. Qd5 Rbc8 47. Qe5+ Kf8 48. Rd1 Qxd3+ 0-1